000 00529nam a2200169Ia 4500
003 GCL
008 140319s9999 xx 000 0 ara d
040 _aGCL /
_cGCL
082 0 4 _a301.2
_bم ت
100 1 _aمحمد على محمد
245 1 0 _aتاريخ الفكر الاجتماعى: الرداد والاتجاهات المعاصرة /
_cمحمد على محمد
260 _a[S.N] :
_bدار المعرفة الجامعية ،
_c1994
300 _a464
490 _a
650 0 4 _aالاجتماع
942 _2ddc
_cBK
999 _c55003
_d55003